000 00271nam a22001337a 4500
008 170714b xxu||||| |||| 00| 0 eng d
020 _a
041 _aeng
080 _a17
100 _a24
101 _aFJA
245 _aETHICAL NATURALISM
_cKEMP,J
942 _2udc
_cBK
999 _c20917
_d20917